000 01445nam a2200241 a 4500
003 BD-DhJNU
005 20251021041036.0
008 240708s2024 bg |||g |||| 000 1|ben|d
020 _a9789843701756
040 _aBD-DhJNU
_bben
_cBD-DhJNU
_dBD-DhJNU
041 _aben
082 _a307.121 HAB
_223
242 1 0 _aHabitat Bangladesh :
_bselected essays from Habitat Day /
_cedited by Nurul Islam Nazem and Syeda Israt Najia
245 1 0 _aহ্যাবিটাট বাংলাদেশ :
_bবিশ্ব বসতি দিবসের নির্বাচিত প্রবন্ধ সংকলন /
_cনুরুল ইসলাম নাজেম এবং সৈয়দা ইসরাত নাজিয়া কর্তৃক সম্পাদিত
246 _aHabitat Bangladesh: bishwa bosoti dibosher nirbachito probondho shongkolon
260 _aঢাকা :
_bনগর গবেষণা কেন্দ্র,
_c2024.
300 _a২৫৬ পৃ. :
_bচিত্র ;
_c২২ সেমি.।
504 _aগ্রন্থপঞ্জিগত নির্দেশিকা ও নিঘন্ট অন্তভূক্ত
650 _aনগর উন্নয়ন--Urban development
710 _aনাজেম, নুরুল ইসলাম
_eসম্পাদক
710 _aনাজিয়া, সৈয়দা ইসরাত
_eসম্পাদক
942 _cBK
999 _c2296
_d2296